| 000 | 00602nam a2200229Ia 4500 | ||
|---|---|---|---|
| 003 | OSt | ||
| 005 | 20220928103231.0 | ||
| 006 | a|||||r|||| 00| 0 | ||
| 007 | ta | ||
| 008 | 220927b |||||||| |||| 00| 0 eng d | ||
| 024 | _a33116 | ||
| 037 | _cTextual | ||
| 040 |
_aSDCL _cSDCL _beng |
||
| 041 |
_2eng _aeng |
||
| 082 | _a4:(Y), P8 | ||
| 100 |
_aBaghel Sanjay Singh _9402997 |
||
| 245 | 0 | _aSanchar, samaj aur sahitya. | |
| 260 |
_aGaziabad _bK L Pachori Prakashan _c2008 |
||
| 300 |
_a205p. _ccm. |
||
| 942 |
_h4:(Y), P8 _cTEXL _2CC |
||
| 999 |
_c718804 _d718804 |
||